The political economy of development in India / (Record no. 66169)

MARC details
000 -LEADER
fixed length control field 00570nam a22001577a 4500
005 - DATE AND TIME OF LATEST TRANSACTION
control field 20120504140740.0
020 ## - INTERNATIONAL STANDARD BOOK NUMBER
International Standard Book Number 019564770X
Terms of availability 150.00
035 ## - SYSTEM CONTROL NUMBER
System control number A-948852
037 ## - SOURCE OF ACQUISITION
Stock number DPL
Source of stock number/acquisition ENG
100 ## - MAIN ENTRY--PERSONAL NAME
Personal name Bardhan, Pranab
245 ## - TITLE STATEMENT
Title The political economy of development in India /
Statement of responsibility, etc by Pranab Bardhan
260 ## - PUBLICATION, DISTRIBUTION, ETC. (IMPRINT)
Place of publication, distribution, etc Delhi
Name of publisher, distributor, etc Oxford University Press
Date of publication, distribution, etc 1998
300 ## - PHYSICAL DESCRIPTION
Extent vii, 153p.
Dimensions 20 cms.
942 ## - ADDED ENTRY ELEMENTS (KOHA)
Source of classification or shelving scheme Dewey Decimal Classification
Item type English Books
Classification part 330.954
Call number suffix BAR
Holdings
Withdrawn status Lost status Not for loan Collection code Home library Current library Date acquired Cost, normal purchase price Full call number Barcode Cost, replacement price Koha item type
      Non-fiction Sarojini Nagar Sarojini Nagar 04/05/2012 150.00 330.954 BAR A-948852 150.00 English Books

© Delhi Public Library
Hit Counter
free hit counter